<?xml version="1.0" encoding="UTF-8"?>
<record
    xmlns:xsi="http://www.w3.org/2001/XMLSchema-instance"
    xsi:schemaLocation="http://www.loc.gov/MARC21/slim http://www.loc.gov/standards/marcxml/schema/MARC21slim.xsd"
    xmlns="http://www.loc.gov/MARC21/slim">

  <leader>01663    a2200193   4500</leader>
  <controlfield tag="001">33688</controlfield>
  <controlfield tag="005">20260407155628.0</controlfield>
  <controlfield tag="008">260407a1979    arg                 spa d</controlfield>
  <controlfield tag="003">AR-UNSa-BCEJYS</controlfield>
  <datafield tag="040" ind1=" " ind2=" ">
    <subfield code="a">AR-UNSa-BCEJYS</subfield>
    <subfield code="b">spa</subfield>
    <subfield code="c">AR-UNSa-BCEJYS</subfield>
  </datafield>
  <datafield tag="080" ind1=" " ind2=" ">
    <subfield code="a">349.2</subfield>
    <subfield code="x">Derecho del Trabajo</subfield>
  </datafield>
  <datafield tag="245" ind1="1" ind2="0">
    <subfield code="a">Derecho del trabajo y de la seguridad social</subfield>
  </datafield>
  <datafield tag="264" ind1=" " ind2="1">
    <subfield code="a">Buenos Aires :</subfield>
    <subfield code="b">Astrea</subfield>
    <subfield code="c">1979</subfield>
  </datafield>
  <datafield tag="300" ind1=" " ind2=" ">
    <subfield code="a">900 p.</subfield>
    <subfield code="c">22 cm.</subfield>
  </datafield>
  <datafield tag="505" ind1=" " ind2=" ">
    <subfield code="a">Vol. I: 1. El trabajo humano - 2. La pOl&#xED;tica social - 3. Mercado de trabajo - 4. Derecho del trabajo - 5. Evoluci&#xF3;n hist&#xF3;rica - 6. Instituciones socio-laborales - 7. la relacion individual - 8. Contrato de trabajo - 9. Deberes y derechos de las partes - 10. Condiciones de trabajo - 11. Remuneraci&#xF3;n - 12. Suspensi&#xF3;n de algunas obligaciones que impone la presentaci&#xF3;n laboral - 13. Novaci&#xF3;n subjetiva del contrato de trabajo - 14. Extinci&#xF3;n del contrato de trabajo - 15. Estatutos especiales - 16. Introducci&#xF3;n a las relaciones colectivas de trabajo - 17. R&#xE9;gimen legal de las asociaciones profesionales de trabajadores - 18. Conflicto laboral - 19. Negociaci&#xF3;n colectiva - 20. Intervenci&#xF3;n del estado en las relaciones de trabajo - 21. Justicia nacopnal del trabajo de la capital federal  - 22. Justicia del trabajo en la provincia de Buenos Aires - 23. La problem&#xE1;tica - 24. Derecho de la seguridad social - 25. R&#xE9;gimen previsional argentino - 26. R&#xE9;gimen de asignaciones familiares - 27. Amparo de las contingencias por enfermedad o accidentes - 28. Cobertura de otros estados de necesidad en la argentina.</subfield>
  </datafield>
  <datafield tag="942" ind1=" " ind2=" ">
    <subfield code="c">BK</subfield>
  </datafield>
  <datafield tag="590" ind1=" " ind2=" ">
    <subfield code="a">niveau_biblio:m niveau_hierar:0</subfield>
  </datafield>
  <datafield tag="100" ind1="1" ind2=" ">
    <subfield code="a">V&#xE1;zquez Vialard, Antonio</subfield>
  </datafield>
  <datafield tag="999" ind1=" " ind2=" ">
    <subfield code="c">2385</subfield>
    <subfield code="d">2385</subfield>
  </datafield>
  <datafield tag="952" ind1=" " ind2=" ">
    <subfield code="0">0</subfield>
    <subfield code="1">0</subfield>
    <subfield code="4">0</subfield>
    <subfield code="7">0</subfield>
    <subfield code="a">BCEJYS</subfield>
    <subfield code="b">BCEJYS</subfield>
    <subfield code="c">16</subfield>
    <subfield code="d">2026-04-07</subfield>
    <subfield code="l">0</subfield>
    <subfield code="o">349.2 V393</subfield>
    <subfield code="p">L28734</subfield>
    <subfield code="r">2026-04-07 15:56:28</subfield>
    <subfield code="w">2026-04-07</subfield>
    <subfield code="y">L</subfield>
  </datafield>
  <datafield tag="952" ind1=" " ind2=" ">
    <subfield code="0">0</subfield>
    <subfield code="1">0</subfield>
    <subfield code="4">0</subfield>
    <subfield code="7">0</subfield>
    <subfield code="a">BCEJYS</subfield>
    <subfield code="b">BCEJYS</subfield>
    <subfield code="c">16</subfield>
    <subfield code="d">2026-04-07</subfield>
    <subfield code="l">0</subfield>
    <subfield code="o">349.2 V393</subfield>
    <subfield code="p">L28735</subfield>
    <subfield code="r">2026-04-07 15:56:28</subfield>
    <subfield code="w">2026-04-07</subfield>
    <subfield code="y">L</subfield>
  </datafield>
</record>
